000 00416nam a2200181Ia 4500
001 9107
005 20260306160659.0
008 260306t2003||||xx |||||||||||||| ||spa||
041 _aESP
082 _a372.66
_bL32
100 _aLázaro Cantarín, Julio
_eAUT
245 0 _aTaller de teatro
260 _c2003
300 _a207 páginas :
_c24 cm.
650 _aGEN
654 _aCED
942 _cLIB
_dJUS
_fJUS
_2ddc
_n
999 _c9107
_d9107